00644nam a22001937a 4500003000900000008004000009020002200049040007100071082002300142110002200165245003100187260004300218300004000261650001200301650002500313650004100338650002200379700004900401AR-CdUCM190424b ||||| |||| 00| 0 spad a978-607-618-880-4 aMUNICIPALIDAD PROVINCIAL DEL CUSCOcBIBLIOTECA MUNICIPAL DEL CUSCO aPI / 803.08 /bP51 aPhidal publishing aEl plan perfecto de Elsa / aMéxico :bAdvanced marketing,c2017. a8 paginas ;bIlustraciones,c15 cm. aFrozen  aAvenruturas con Olaf aCuentos divertidos para niños (as) aAventuras de Elsa aCaballero del Moral, Samantha (Traducción)